[Event "EU-Cup 38th"]
[Site "Durres"]
[Date "2023.10.06"]
[Round "6.4"]
[White "Barkhagen, Jonas"]
[Black "Veljanoski, Andrej"]
[Result "1/2-1/2"]
[WhiteElo "2425"]
[BlackElo "2261"]
[PlyCount "106"]
[EventDate "2023.10.01"]
[EventType "team-swiss"]
[EventRounds "7"]
[EventCountry "ALB"]
[SourceTitle "EXT 2024"]
[Source "ChessBase"]
[SourceDate "2023.10.10"]
[SourceVersion "1"]
[SourceVersionDate "2023.10.10"]
[SourceQuality "1"]
[WhiteTeam "Umea Rockaden"]
[BlackTeam "Gambit Asseco See"]
[WhiteTeamCountry "SWE"]
[BlackTeamCountry "MKD"]

1. d4 d5 2. c4 e6 3. Nc3 Nf6 4. cxd5 exd5 5. Bg5 c6 6. e3 h6 7. Bh4 Be7 8. Bd3 0-0 9. Nf3 Re8 10. Bxf6 Bxf6 11. b4 Bg4 12. 0-0 a5 13. b5 c5 14. Be2 Be6 15. Rc1 Nd7 16. dxc5 Nxc5 17. Nd4 Qb6 18. Nxe6 fxe6 19. Na4 Nxa4 20. Qxa4 d4 21. exd4 Rad8 22. Qc2 Bxd4 23. a4 Qd6 24. Qg6 Rf8 25. Bc4 Rf6 26. Qe4 b6 27. Rce1 Qc5 28. Bxe6+ Kh8 29. Re2 Bxf2+ 30. Kh1 Bh4 31. Rb1 Rdf8 32. g3 Bg5 33. Bb3 Bc1 34. Qd5 Rf1+ 35. Kg2 R1f2+ 36. Rxf2 Qxf2+ 37. Kh3 Qf1+ 38. Kg4 Qe2+ 39. Kh3 Qf1+ 40. Kg4 Qe2+ 41. Kh3 Bg5 42. Bc4 Qh5+ 43. Kg2 Rd8 44. Qe4 Rd2+ 45. Kf1 Qh3+ 46. Ke1 Qd7 47. Be2 Rd6 48. Bg4 Qd8 49. Qf3 Rd3 50. Qf5 Rd5 51. Qc8 Qxc8 52. Bxc8 g6 53. Rd1 Rxd1+ 1/2-1/2

[Event "SWE-chT 2223 Elite"]
[Site "Sweden"]
[Date "2023.03.12"]
[Round "9.2"]
[White "Engqvist, Thomas"]
[Black "Barkhagen, Jonas"]
[Result "0-1"]
[WhiteElo "2333"]
[BlackElo "2424"]
[PlyCount "110"]
[EventDate "2022.10.14"]
[EventType "team-tourn"]
[EventRounds "9"]
[EventCountry "SWE"]
[SourceTitle "CBM 213 Extra"]
[Source "ChessBase"]
[SourceDate "2023.05.31"]
[SourceVersion "1"]
[SourceVersionDate "2023.05.31"]
[SourceQuality "1"]
[WhiteTeam "Wasa"]
[BlackTeam "Stockholm Rockaden"]
[WhiteTeamCountry "SWE"]
[BlackTeamCountry "SWE"]

1. Nf3 Nf6 2. g3 d5 3. Bg2 c6 4. 0-0 Bg4 5. Ne5 Bh5 6. d4 e6 7. c4 Nbd7 8. cxd5 Nxe5 9. dxe5 Nxd5 10. h3 Nb4 11. Bd2 Qd4 12. a3 Nd5 13. Qb3 Nb6 14. Qc3 Qxc3 15. Nxc3 Nc4 16. Bf4 0-0-0 17. b4 Be7 18. g4 g5 19. Bg3 Bg6 20. Rfc1 Kb8 21. Ne4 Nd2 22. Nxd2 Rxd2 23. Bf3 Rhd8 24. Rc3 Rb2 25. Kf1 Rdd2 26. Ke1 Rdc2 27. Rxc2 Rxc2 28. e4 Rc3 29. Ke2 a5 30. bxa5 Rxa3 31. Rxa3 Bxa3 32. h4 gxh4 33. Bxh4 Bb4 34. Bg2 h5 35. g5 Bxa5 36. f4 c5 37. Kd3 b5 38. Bg3 c4+ 39. Kd4 Bb6+ 40. Kc3 Ka7 41. Bf3 Ba5+ 42. Kd4 Bd2 43. Bd1 h4 44. Bxh4 Bxf4 45. Be1 Kb6 46. Bb4 Bxg5 47. Bf3 Bh4 48. Bd6 Bf2+ 49. Kc3 Bc5 50. Bb8 Kb7 51. Bd6 Bxd6 52. exd6 e5 53. Kb4 Kc6 54. Bd1 Bxe4 55. d7 Kxd7 0-1

[Event "SWE-chT 2122 Elite"]
[Site "Sweden"]
[Date "2022.03.19"]
[Round "4.4"]
[White "Barkhagen, Jonas"]
[Black "Schneider, Stefan"]
[Result "1-0"]
[WhiteElo "2439"]
[BlackElo "2375"]
[PlyCount "145"]
[EventDate "2021.12.03"]
[EventType "team-tourn"]
[EventRounds "9"]
[EventCountry "SWE"]
[SourceTitle "EXT 2023"]
[Source "ChessBase"]
[SourceDate "2022.10.05"]
[SourceVersion "1"]
[SourceVersionDate "2022.10.05"]
[SourceQuality "1"]
[WhiteTeam "Stockholm Rockaden"]
[BlackTeam "Limhamn"]
[WhiteTeamCountry "SWE"]
[BlackTeamCountry "SWE"]

1. d4 Nf6 2. c4 e6 3. Nf3 Bb4+ 4. Nbd2 0-0 5. g3 b6 6. Bg2 Bb7 7. 0-0 d5 8. Ne5 Be7 9. Qa4 c5 10. cxd5 Nxd5 11. Ndf3 cxd4 12. Nxd4 Qc7 13. Nd3 a6 14. Bd2 b5 15. Qd1 Qb6 16. Nb3 a5 17. e4 a4 18. exd5 axb3 19. Qxb3 exd5 20. Be3 d4 21. Bxd4 Qxd4 22. Bxb7 Ra5 23. Rfe1 Bf6 24. Bd5 Qa7 25. Ne5 Bxe5 26. Rxe5 Qd7 27. Rae1 Nc6 28. Bxc6 Qxc6 29. Rd5 g6 30. Ree5 Qc1+ 31. Kg2 Qc6 32. Kg1 Qc1+ 33. Rd1 Qc6 34. a3 Rb8 35. Rdd5 Qc1+ 36. Kg2 Qc6 37. Qf3 Kg7 38. Rc5 Qa6 39. Re7 Qf6 40. Qxf6+ Kxf6 41. Ree5 h5 42. h3 Rb6 43. g4 hxg4 44. hxg4 Re6 45. g5+ Ke7 46. Red5 Rb6 47. Kg3 Ke6 48. f4 Rb7 49. Rd4 Ke7 50. Re5+ Kf8 51. Rd8+ Kg7 52. Ree8 f5 53. Rg8+ Kh7 54. Rh8+ Kg7 55. Rdg8+ Kf7 56. Rh7+ Kxg8 57. Rxb7 Kf8 58. Kf3 Ke8 59. Ke3 Kf8 60. Kd4 Kg8 61. Kd3 Kf8 62. Rd7 Ke8 63. Rd4 Ke7 64. Kc3 Ke6 65. Kb4 Ra8 66. Kc5 Rc8+ 67. Kb6 Rb8+ 68. Ka6 Ra8+ 69. Kb7 Ra5 70. b4 Rxa3 71. Kc6 Re3 72. Kxb5 Re4 73. Kc5 1-0

[Event "SWE-chT Lag SM"]
[Site "Stockholm"]
[Date "2021.10.23"]
[Round "2.1"]
[White "Vernersson, Per"]
[Black "Barkhagen, Jonas"]
[Result "1/2-1/2"]
[WhiteElo "2254"]
[BlackElo "2434"]
[PlyCount "46"]
[EventDate "2021.10.22"]
[EventType "team-tourn"]
[EventRounds "3"]
[EventCountry "SWE"]
[SourceTitle "CBM 204 Extra"]
[Source "ChessBase"]
[SourceDate "2021.11.30"]
[SourceVersion "1"]
[SourceVersionDate "2021.11.30"]
[SourceQuality "1"]
[WhiteTeam "Eksjo"]
[BlackTeam "Stockholm Rochaden"]
[WhiteTeamCountry "SWE"]
[BlackTeamCountry "SWE"]

1. d4 Nf6 2. c4 e6 3. Nf3 b6 4. g3 Ba6 5. b3 Bb4+ 6. Bd2 Be7 7. Nc3 d5 8. cxd5 exd5 9. Bg2 0-0 10. 0-0 Ne4 11. Ne5 Nxd2 12. Qxd2 Bb7 13. e3 a5 14. a3 c6 15. Nd3 Ba6 16. Rfd1 Nd7 17. Bf1 Bd6 18. Ne1 Bb7 19. Qb2 Qe7 20. Nd3 Ba6 21. Ne1 Bb7 22. Nd3 Ba6 23. Ne1 Bb7 1/2-1/2

[Event "SWE-chT 1920 Elite"]
[Site "Sweden"]
[Date "2020.02.02"]
[Round "4"]
[White "Hedin, Gunnar"]
[Black "Barkhagen, Jonas"]
[Result "0-1"]
[WhiteElo "2112"]
[BlackElo "2427"]
[PlyCount "68"]
[EventDate "2019.10.18"]
[EventType "team-tourn"]
[EventRounds "9"]
[EventCountry "SWE"]
[SourceTitle "EXT 2023"]
[Source "ChessBase"]
[SourceDate "2022.10.05"]
[SourceVersion "1"]
[SourceVersionDate "2022.10.05"]
[SourceQuality "1"]
[WhiteTeam "Farsta"]
[BlackTeam "Stockholm Rockaden"]
[WhiteTeamCountry "SWE"]
[BlackTeamCountry "SWE"]

1. f4 d5 2. Nf3 g6 3. g3 Bg7 4. Bg2 c6 5. c3 h5 6. d4 Nh6 7. Be3 Nd7 8. Nbd2 Nf6 9. Ne5 Nf5 10. Bf2 Nd6 11. h3 Bf5 12. 0-0 Nde4 13. Nxe4 Bxe4 14. Nf3 Qc8 15. Re1 Bf5 16. Kh2 Ne4 17. Be3 Nd6 18. b3 Qe6 19. Qc1 Bf6 20. Ng5 Bxg5 21. fxg5 Be4 22. Bf1 h4 23. g4 f5 24. gxf6 exf6 25. Bf4 g5 26. Be3 f5 27. Bxg5 fxg4 28. hxg4 Qxg4 29. Qf4 Qg3+ 30. Qxg3 hxg3+ 31. Kxg3 Nf5+ 32. Kf4 Rh2 33. e3 Rf2+ 34. Ke5 Kf7 0-1

[Event "Malmo op"]
[Site "Malmo"]
[Date "2019.12.13"]
[Round "2"]
[White "Pettersson, Alexander"]
[Black "Barkhagen, Jonas"]
[Result "0-1"]
[WhiteElo "2016"]
[BlackElo "2436"]
[PlyCount "68"]
[EventDate "2019.12.13"]
[EventType "swiss"]
[EventRounds "8"]
[EventCountry "SWE"]
[SourceTitle "CBM 193 Extra"]
[Source "ChessBase"]
[SourceDate "2020.01.31"]
[SourceVersion "1"]
[SourceVersionDate "2020.01.31"]
[SourceQuality "1"]

1. d4 Nf6 2. c4 e6 3. Nf3 b6 4. a3 Bb7 5. Nc3 d5 6. cxd5 Nxd5 7. Bd2 Nd7 8. Qc2 c5 9. e4 Nxc3 10. Bxc3 cxd4 11. Nxd4 a6 12. Be2 Qc7 13. 0-0 Bd6 14. Nf3 0-0 15. Rac1 Bf4 16. Bd2 Qxc2 17. Rxc2 Bxe4 18. Rc4 Bxd2 19. Rxe4 Bh6 20. Rc4 b5 21. Rc7 Nb6 22. Rd1 Rfc8 23. Rb7 Rcb8 24. Rxb8+ Rxb8 25. g3 Nd5 26. Ne5 Rc8 27. Bf3 Rc5 28. Bxd5 Rxd5 29. Rxd5 exd5 30. Nc6 Bc1 31. b3 Bxa3 32. Nb8 a5 33. Nc6 a4 34. Nd4 Bb2 0-1

[Event "Norrkoeping Easter op"]
[Site "Norrkoeping"]
[Date "2019.04.19"]
[Round "1"]
[White "Bengtsson, Tage"]
[Black "Barkhagen, Jonas"]
[Result "0-1"]
[WhiteElo "1984"]
[BlackElo "2424"]
[PlyCount "51"]
[EventDate "2019.04.19"]
[EventType "swiss"]
[EventRounds "8"]
[EventCountry "SWE"]
[SourceTitle "CBM 189 Extra"]
[Source "ChessBase"]
[SourceDate "2019.06.03"]
[SourceVersion "1"]
[SourceVersionDate "2019.06.03"]
[SourceQuality "1"]

1. d4 Nf6 2. c4 e6 3. Nc3 Bb4 4. e3 c5 5. Nge2 d5 6. a3 Bxc3+ 7. Nxc3 cxd4 8. exd4 dxc4 9. Bxc4 Nc6 10. Be3 0-0 11. 0-0 b6 12. d5 Na5 13. Ba2 exd5 14. Nxd5 Bb7 15. Nxf6+ Qxf6 16. Qg4 Rad8 17. Rad1 Nc6 18. Rxd8 Qxd8 19. Bb1 Qf6 20. Bd2 Qxb2 21. Qh3 g6 22. Bc3 Qb3 23. Be4 Nd4 24. Qd3 Qxc3 25. Qh3 Qb3 26. Bb1 0-1

[Event "SWE-chT 1819 Elite"]
[Site "Sweden"]
[Date "2019.03.31"]
[Round "9.2"]
[White "Barkhagen, Jonas"]
[Black "Brynell, Stellan"]
[Result "1-0"]
[WhiteElo "2436"]
[BlackElo "2398"]
[PlyCount "95"]
[EventDate "2018.11.09"]
[EventType "team-tourn"]
[EventRounds "9"]
[EventCountry "SWE"]
[SourceTitle "CBM 189 Extra"]
[Source "ChessBase"]
[SourceDate "2019.06.03"]
[SourceVersion "1"]
[SourceVersionDate "2019.06.03"]
[SourceQuality "1"]
[WhiteTeam "Stockholm Rockaden"]
[BlackTeam "Limhamn"]
[WhiteTeamCountry "SWE"]
[BlackTeamCountry "SWE"]

1. d4 e6 2. c4 Nf6 3. Nf3 b6 4. e3 Bb7 5. Bd3 d5 6. cxd5 exd5 7. 0-0 Bd6 8. Nc3 0-0 9. b3 a6 10. Bb2 Nbd7 11. Ne2 Qe7 12. Ng3 g6 13. Rc1 Ne4 14. Qc2 Rac8 15. Bxe4 dxe4 16. Nd2 Rfe8 17. Nc4 Nf6 18. d5 Nxd5 19. Nxd6 cxd6 20. Qd2 f6 21. Rfd1 b5 22. Qd4 Rxc1 23. Rxc1 Qe6 24. h3 Kf7 25. Nxe4 Re7 26. Ng3 Rd7 27. Qd2 Ne7 28. f3 Nf5 29. Nxf5 Qxf5 30. Rc3 Qe6 31. Rd3 Bc6 32. Rd4 Kg7 33. Ba3 d5 34. Bb2 Re7 35. Kf2 Rf7 36. Rd3 h5 37. Bd4 Qd6 38. Rc3 Bd7 39. Kg1 Bf5 40. Rc5 Rd7 41. Qc3 Bxh3 42. f4 b4 43. Qxb4 Bf5 44. Qc3 Rf7 45. Rc6 Qe7 46. Rxa6 Be4 47. Rc6 h4 48. Bxf6+ 1-0

[Event "SWE-chT 1819 Elite"]
[Site "Sweden"]
[Date "2019.03.30"]
[Round "8.1"]
[White "Sagit, Rauan"]
[Black "Barkhagen, Jonas"]
[Result "1/2-1/2"]
[WhiteElo "2429"]
[BlackElo "2436"]
[PlyCount "57"]
[EventDate "2018.11.09"]
[EventType "team-tourn"]
[EventRounds "9"]
[EventCountry "SWE"]
[SourceTitle "CBM 189 Extra"]
[Source "ChessBase"]
[SourceDate "2019.06.03"]
[SourceVersion "1"]
[SourceVersionDate "2019.06.03"]
[SourceQuality "1"]
[WhiteTeam "Stockholm CC"]
[BlackTeam "Stockholm Rockaden"]
[WhiteTeamCountry "SWE"]
[BlackTeamCountry "SWE"]

1. Nf3 Nf6 2. g3 d5 3. Bg2 c6 4. b3 Bg4 5. Bb2 Nbd7 6. 0-0 Bxf3 7. exf3 g6 8. a4 Bg7 9. d3 a5 10. Nd2 0-0 11. f4 Ne8 12. Qc1 Qc7 13. Nf3 e5 14. fxe5 Nxe5 15. Nxe5 Bxe5 16. Re1 Bxb2 17. Qxb2 Nd6 18. Bh3 Rae8 19. Qd4 Rxe1+ 20. Rxe1 Re8 21. Re5 Rxe5 22. Qxe5 Qd8 23. Kg2 f5 24. Qd4 Nf7 25. Qa7 Qc7 26. Qe3 Qd8 27. Qa7 Qc7 28. Qe3 Qd8 29. Qa7 1/2-1/2

[Event "SWE-chT 1819 Elite"]
[Site "Sweden"]
[Date "2019.03.29"]
[Round "7.3"]
[White "Hillarp Persson, Tiger"]
[Black "Barkhagen, Jonas"]
[Result "1-0"]
[WhiteElo "2548"]
[BlackElo "2436"]
[PlyCount "83"]
[EventDate "2018.11.09"]
[EventType "team-tourn"]
[EventRounds "9"]
[EventCountry "SWE"]
[SourceTitle "CBM 189 Extra"]
[Source "ChessBase"]
[SourceDate "2019.06.03"]
[SourceVersion "1"]
[SourceVersionDate "2019.06.03"]
[SourceQuality "1"]
[WhiteTeam "Lunds"]
[BlackTeam "Stockholm Rockaden"]
[WhiteTeamCountry "SWE"]
[BlackTeamCountry "SWE"]

1. Nf3 d5 2. g3 Nf6 3. Bg2 c6 4. c4 dxc4 5. 0-0 Nbd7 6. Qc2 Nb6 7. Na3 Be6 8. b3 cxb3 9. axb3 g6 10. e4 Bg7 11. d4 0-0 12. Bb2 a5 13. Ng5 Bc8 14. Nc4 a4 15. Ne5 h6 16. Ngxf7 Rxf7 17. bxa4 Be6 18. a5 Nbd7 19. Nxg6 Rxa5 20. Rxa5 Qxa5 21. Ra1 Qb6 22. Ra8+ Nf8 23. Ne5 N6d7 24. Nxf7 Bxf7 25. e5 Qc7 26. Bc3 Nb6 27. Ba5 Nxa8 28. Bxc7 Nxc7 29. Qb2 Nb5 30. d5 Nd6 31. dxc6 bxc6 32. f4 Bd5 33. Bxd5+ cxd5 34. Qd2 Nf7 35. Qxd5 e6 36. Qd1 Nh8 37. Qb3 Kh7 38. Kg2 Nhg6 39. Qb7 Kg8 40. Kf3 Nxe5+ 41. fxe5 Bxe5 42. Kg4 1-0

[Event "Vaxjo op"]
[Site "Vaxjo"]
[Date "2019.02.08"]
[Round "4"]
[White "Barkhagen, Jonas"]
[Black "Lindgren, Philip"]
[Result "0-1"]
[WhiteElo "2429"]
[BlackElo "2379"]
[PlyCount "154"]
[EventDate "2019.02.08"]
[EventType "swiss"]
[EventRounds "8"]
[EventCountry "SWE"]
[SourceTitle "CBM 188 Extra"]
[Source "ChessBase"]
[SourceDate "2019.02.26"]
[SourceVersion "1"]
[SourceVersionDate "2019.02.26"]
[SourceQuality "1"]

1. d4 d5 2. c4 e6 3. Nc3 Nf6 4. Bg5 Nbd7 5. e3 h6 6. Bh4 Be7 7. Nf3 0-0 8. Rc1 c5 9. dxc5 dxc4 10. c6 Nb6 11. Qxd8 Rxd8 12. Ne5 Nfd5 13. c7 Re8 14. Bg3 Nxc3 15. bxc3 Bd6 16. Nxc4 Nxc4 17. Bxc4 Bxg3 18. hxg3 Bd7 19. Rb1 Bc6 20. Rh5 Re7 21. Rc5 Rc8 22. Bb5 Bxg2 23. Rd1 Rcxc7 24. Rd8+ Kh7 25. Bd3+ g6 26. Rxc7 Rxc7 27. c4 Bc6 28. Ke2 Kg7 29. f4 h5 30. e4 Kf6 31. e5+ Ke7 32. Rh8 Rd7 33. Rh7 Kf8 34. Rh8+ Kg7 35. Rc8 Bh1 36. Ke3 b6 37. a3 Bb7 38. Rb8 Rc7 39. Rd8 Bc6 40. Rb8 Ba4 41. Ra8 Bc6 42. Rb8 Bg2 43. Rd8 Rc5 44. Be2 Ra5 45. Rd3 Bc6 46. Kd2 Ra4 47. Rc3 Ra5 48. Kc1 f6 49. exf6+ Kxf6 50. Kb2 e5 51. Rd3 Ke6 52. fxe5 Rxe5 53. Bd1 Be4 54. Rd4 Kf6 55. Rd7 Re7 56. Rd4 Bf5 57. Kc3 Re3+ 58. Kb4 Rxg3 59. Rd6+ Kg5 60. Ba4 h4 61. Bc6 h3 62. Rd8 h2 63. a4 Kf4 64. Ra8 Rh3 65. Bh1 Be4 66. Rf8+ Ke3 67. Re8 Rh4 68. Kb5 Kd4 69. Rd8+ Kc3 70. Bxe4 Rxe4 71. Rh8 Re2 72. Rh3+ Kd2 73. Ka6 g5 74. Kxa7 g4 75. Rh8 g3 76. Kxb6 g2 77. Rxh2 g1Q+ 0-1

[Event "Vaxjo op"]
[Site "Vaxjo"]
[Date "2019.02.08"]
[Round "1"]
[White "Ytterberg, Felix"]
[Black "Barkhagen, Jonas"]
[Result "1/2-1/2"]
[WhiteElo "1894"]
[BlackElo "2429"]
[PlyCount "89"]
[EventDate "2019.02.08"]
[EventType "swiss"]
[EventRounds "8"]
[EventCountry "SWE"]
[SourceTitle "CBM 188 Extra"]
[Source "ChessBase"]
[SourceDate "2019.02.26"]
[SourceVersion "1"]
[SourceVersionDate "2019.02.26"]
[SourceQuality "1"]

1. d4 d5 2. c4 c6 3. Nc3 Nf6 4. e3 e6 5. Nf3 Bd6 6. Bd3 0-0 7. 0-0 Nbd7 8. e4 dxe4 9. Nxe4 Nxe4 10. Bxe4 h6 11. h3 Nf6 12. Bc2 c5 13. Be3 b6 14. Qe2 Bb7 15. Rfd1 Qc7 16. a3 Rad8 17. b3 Rd7 18. dxc5 bxc5 19. Rd2 Ne4 20. Rd3 Rfd8 21. Re1 Qa5 22. Bc1 Nf6 23. Bb2 Be7 24. Red1 Rxd3 25. Rxd3 Rxd3 26. Qxd3 Bxf3 27. Qxf3 Qe1+ 28. Kh2 Bd6+ 29. g3 Qd2 30. Bxf6 gxf6 31. Be4 f5 32. Bc6 Be5 33. Kg2 Kf8 34. Qe3 Qb2 35. Qxc5+ Kg7 36. Qe3 Bd4 37. Qf3 Qxa3 38. Be8 Qb2 39. Ba4 Bc5 40. Bb5 Qd4 41. Ba4 Qd2 42. Qf4 Qc3 43. Qf3 Qc2 44. Qf4 Qd3 45. Qf3 1/2-1/2

[Event "SWE-chT 1617"]
[Site "Sweden"]
[Date "2017.01.14"]
[Round "4.4"]
[White "Sammalvuo, Tapani"]
[Black "Barkhagen, Jonas"]
[Result "1-0"]
[WhiteElo "2427"]
[BlackElo "2435"]
[PlyCount "73"]
[EventDate "2016.10.14"]
[EventType "team-tourn"]
[EventRounds "9"]
[EventCountry "SWE"]
[SourceTitle "CBM 177 Extra"]
[Source "ChessBase"]
[SourceDate "2017.04.27"]
[SourceVersion "1"]
[SourceVersionDate "2017.04.27"]
[SourceQuality "1"]
[WhiteTeam "Farsta"]
[BlackTeam "Stockholm Rockaden"]
[WhiteTeamCountry "SWE"]
[BlackTeamCountry "SWE"]

1. d4 d5 2. c4 c6 3. Nf3 Nf6 4. Nc3 e6 5. e3 Nbd7 6. Bd3 Bd6 7. e4 dxe4 8. Nxe4 Nxe4 9. Bxe4 0-0 10. 0-0 h6 11. Bc2 c5 12. Qd3 Nf6 13. dxc5 Bxc5 14. Qc3 b6 15. b4 Be7 16. Bf4 Bb7 17. Rad1 Qe8 18. Ne5 Rd8 19. a3 Rxd1 20. Rxd1 Qa8 21. Nd7 Rd8 22. Bxh6 Bxg2 23. Bxg7 Rxd7 24. Bxf6 Rxd1+ 25. Bxd1 Bxf6 26. Qxf6 Be4 27. h4 Qc6 28. Qd8+ Kh7 29. Qe7 Qxc4 30. Qxf7+ Kh8 31. Qf4 Kh7 32. h5 Qd4 33. Bg4 e5 34. Bf5+ Bxf5 35. Qxf5+ Kh8 36. Qf6+ Kg8 37. h6 1-0

[Event "EU-Cup 32nd"]
[Site "Novi Sad"]
[Date "2016.11.10"]
[Round "5.2"]
[White "Ramondino, Renzo"]
[Black "Barkhagen, Jonas"]
[Result "1-0"]
[WhiteElo "2144"]
[BlackElo "2437"]
[PlyCount "99"]
[EventDate "2016.11.06"]
[EventType "team-swiss"]
[EventRounds "7"]
[EventCountry "SRB"]
[SourceTitle "CBM 176"]
[Source "ChessBase"]
[SourceDate "2017.01.17"]
[SourceVersion "1"]
[SourceVersionDate "2017.01.17"]
[SourceQuality "1"]
[WhiteTeam "Rome Steinitz"]
[BlackTeam "Umea Rockaden"]
[WhiteTeamCountry "ITA"]
[BlackTeamCountry "SWE"]

1. d4 Nf6 2. Bg5 e6 3. e4 h6 4. Bxf6 Qxf6 5. c3 d5 6. Nd2 c5 7. Ngf3 Nc6 8. Bb5 cxd4 9. Nxd4 Bc5 10. exd5 exd5 11. Qe2+ Kd8 12. 0-0 Bxd4 13. Bxc6 bxc6 14. cxd4 Qxd4 15. Nb3 Qb4 16. Qe5 f6 17. Qg3 g5 18. Rac1 Bd7 19. Nc5 Qf4 20. Qc3 Rc8 21. Rfe1 Rc7 22. Na6 Rb7 23. Qa5+ Kc8 24. Qxd5 Rb6 25. Qa5 Re8 26. Rxe8+ Bxe8 27. Qe1 Qe5 28. Nc5 Qxe1+ 29. Rxe1 Bg6 30. b3 Rb5 31. Rc1 Rb4 32. Rd1 Rb5 33. Rc1 Kd8 34. Ne6+ Ke7 35. Nd4 Rd5 36. Nxc6+ Kd7 37. b4 Rb5 38. a3 a6 39. f3 Kd6 40. Nd4 Rd5 41. Rd1 f5 42. g3 f4 43. g4 Bf7 44. Nf5+ Ke5 45. Rxd5+ Bxd5 46. Kf2 Bb3 47. Nxh6 Kd4 48. Nf5+ Kc3 49. Nd6 Ba4 50. Ne4+ 1-0

[Event "SWE-chT 1617"]
[Site "Sweden"]
[Date "2016.10.16"]
[Round "3.1"]
[White "Hector, Jonny"]
[Black "Barkhagen, Jonas"]
[Result "0-1"]
[WhiteElo "2513"]
[BlackElo "2435"]
[PlyCount "76"]
[EventDate "2016.10.14"]
[EventType "team-tourn"]
[EventRounds "9"]
[EventCountry "SWE"]
[SourceTitle "EXT 2017"]
[Source "ChessBase"]
[SourceDate "2016.10.25"]
[SourceVersion "1"]
[SourceVersionDate "2016.10.25"]
[SourceQuality "1"]
[WhiteTeam "Limhamn"]
[BlackTeam "Stockholm Rockaden"]
[WhiteTeamCountry "SWE"]
[BlackTeamCountry "SWE"]

1. e4 e6 2. d4 d5 3. Nc3 dxe4 4. Nxe4 Bd7 5. Nf3 Bc6 6. Bd3 Nd7 7. 0-0 Ngf6 8. Ng3 Be7 9. b3 0-0 10. Bb2 Bxf3 11. Qxf3 c6 12. c4 Qa5 13. a3 Rfe8 14. Rfe1 Rad8 15. Rac1 Nf8 16. b4 Qb6 17. d5 cxd5 18. c5 Qc7 19. Bb5 N8d7 20. c6 bxc6 21. Bxc6 Qd6 22. Qe3 Rc8 23. b5 Rc7 24. a4 g6 25. Bd4 Rec8 26. Bxa7 Ng4 27. Qe2 Nge5 28. Bxd7 Nxd7 29. Rxc7 Rxc7 30. Qe3 Qb4 31. b6 Rb7 32. Rc1 Nxb6 33. Bxb6 Qxb6 34. Qe1 Bf6 35. h4 h5 36. Rc8+ Kg7 37. Qe2 Qb1+ 38. Kh2 Rb4 0-1

[Event "SWE-chT 1617"]
[Site "Sweden"]
[Date "2016.10.14"]
[Round "1.1"]
[White "Barkhagen, Jonas"]
[Black "Akesson, Joel"]
[Result "1/2-1/2"]
[WhiteElo "2435"]
[BlackElo "2311"]
[PlyCount "35"]
[EventDate "2016.10.14"]
[EventType "team-tourn"]
[EventRounds "9"]
[EventCountry "SWE"]
[SourceTitle "EXT 2017"]
[Source "ChessBase"]
[SourceDate "2016.10.25"]
[SourceVersion "1"]
[SourceVersionDate "2016.10.25"]
[SourceQuality "1"]
[WhiteTeam "Stockholm Rockaden"]
[BlackTeam "Manhem"]
[WhiteTeamCountry "SWE"]
[BlackTeamCountry "SWE"]

1. d4 Nf6 2. c4 e6 3. Nf3 Bb4+ 4. Bd2 Qe7 5. g3 Nc6 6. Bg2 Bxd2+ 7. Qxd2 Ne4 8. Qc2 Qb4+ 9. Nc3 Nxc3 10. bxc3 Qxc4 11. e4 Nb4 12. Qd2 Nd3+ 13. Kd1 c5 14. Kc2 Nb4+ 15. Kb2 Nd3+ 16. Kc2 Nb4+ 17. Kb2 Nd3+ 18. Kc2 1/2-1/2

[Event "SWE-chT 1516"]
[Site "Sweden"]
[Date "2016.03.18"]
[Round "7.2"]
[White "Tikkanen, Hans"]
[Black "Barkhagen, Jonas"]
[Result "1/2-1/2"]
[WhiteElo "2517"]
[BlackElo "2434"]
[PlyCount "58"]
[EventDate "2015.11.06"]
[EventType "team-tourn"]
[EventRounds "9"]
[EventCountry "SWE"]
[SourceTitle "EXT 2017"]
[Source "ChessBase"]
[SourceDate "2016.10.25"]
[SourceVersion "1"]
[SourceVersionDate "2016.10.25"]
[SourceQuality "1"]
[WhiteTeam "Lunds"]
[BlackTeam "Stockholm Rockaden"]
[WhiteTeamCountry "SWE"]
[BlackTeamCountry "SWE"]

1. e4 e6 2. d4 d5 3. Nc3 dxe4 4. Nxe4 Bd7 5. Nf3 Bc6 6. Bd3 Nd7 7. 0-0 Ngf6 8. Ng3 Be7 9. b3 0-0 10. Bb2 Bxf3 11. Qxf3 c6 12. c4 Qa5 13. a3 Rfe8 14. Rfe1 Nf8 15. Re5 Qb6 16. h4 N6d7 17. Re4 Qxb3 18. Rb1 Qa4 19. d5 Bf6 20. Bxf6 Nxf6 21. Rf4 N8d7 22. Rxb7 Ne5 23. Qe2 Qa6 24. dxc6 Qxc6 25. Rb5 Nxd3 26. Qxd3 Red8 27. Rd4 Rxd4 28. Qxd4 h6 29. Nf1 Qc7 1/2-1/2

[Event "SWE-chT 1516"]
[Site "Sweden"]
[Date "2015.11.08"]
[Round "3.2"]
[White "Barkhagen, Jonas"]
[Black "Norberg, Johan"]
[Result "1/2-1/2"]
[WhiteElo "2434"]
[BlackElo "2278"]
[PlyCount "57"]
[EventDate "2015.11.06"]
[EventType "team-tourn"]
[EventRounds "9"]
[EventCountry "SWE"]
[SourceTitle "CBM 169 Extra"]
[Source "ChessBase"]
[SourceDate "2015.12.18"]
[SourceVersion "1"]
[SourceVersionDate "2015.12.18"]
[SourceQuality "1"]
[WhiteTeam "Stockholm Rockaden"]
[BlackTeam "Vasteras"]
[WhiteTeamCountry "SWE"]
[BlackTeamCountry "SWE"]

1. d4 d6 2. Nf3 g6 3. c4 Bg7 4. g3 Nf6 5. Bg2 0-0 6. 0-0 Nbd7 7. Nc3 e5 8. e4 c6 9. h3 a6 10. a4 a5 11. Be3 Qe7 12. Re1 b6 13. Qc2 Ba6 14. b3 Rac8 15. Bf1 Bb7 16. Rad1 Rfe8 17. Bg2 Rcd8 18. Bc1 Nb8 19. d5 c5 20. Nh2 Bc8 21. Nf1 Nh5 22. Qe2 Bf6 23. Ne3 Bg5 24. h4 Bf6 25. Bf3 Ng7 26. Ng4 Bxg4 27. Bxg4 h5 28. Bh3 Nd7 29. Nb5 1/2-1/2

[Event "SWE-chT 1415 Elite"]
[Site "Sweden"]
[Date "2014.11.21"]
[Round "1"]
[White "Schneider, Stefan"]
[Black "Barkhagen, Jonas"]
[Result "1/2-1/2"]
[WhiteElo "2387"]
[BlackElo "2432"]
[PlyCount "110"]
[EventDate "2014.11.21"]
[EventType "team-tourn"]
[EventRounds "9"]
[EventCountry "SWE"]
[SourceTitle "EXT 2016"]
[Source "ChessBase"]
[SourceDate "2015.10.08"]
[SourceVersion "1"]
[SourceVersionDate "2015.10.08"]
[SourceQuality "1"]
[WhiteTeam "Limhamn"]
[BlackTeam "Stockholm Rockaden"]
[WhiteTeamCountry "SWE"]
[BlackTeamCountry "SWE"]

1. d4 Nf6 2. Nf3 e6 3. c4 b6 4. g3 Ba6 5. Qa4 Bb7 6. Bg2 c5 7. dxc5 Bxc5 8. 0-0 0-0 9. Nc3 Na6 10. Bf4 Be7 11. Rfd1 Nc5 12. Qc2 Nce4 13. Ne5 Nxc3 14. Bxb7 Nxd1 15. Rxd1 Rc8 16. Bxc8 Qxc8 17. Qa4 d5 18. Qxa7 Bc5 19. Nd3 Bd4 20. cxd5 Qc2 21. Rd2 Qb1+ 22. Kg2 Ne4 23. dxe6 fxe6 24. Qd7 Nxd2 25. Qxe6+ Kh8 26. Bxd2 Qc2 27. Bb4 Rg8 28. Ba3 Bf6 29. Nf4 b5 30. Nd3 Qc7 31. Bc5 Qb8 32. Qf5 Qa8+ 33. e4 Re8 34. f3 Qxa2 35. Kh3 Bxb2 36. Qd7 Rg8 37. e5 Ba1 38. e6 Bf6 39. Nf4 Qa8 40. e7 Qe8 41. Qd6 Qb8 42. Nd5 Qxd6 43. Bxd6 Rc8 44. Nc7 Bxe7 45. Nxb5 Bf6 46. Bc7 Kg8 47. Kg4 Ra8 48. Bf4 Ra4 49. Nd6 Be7 50. Ne4 Kf7 51. h4 Ra3 52. h5 g6 53. hxg6+ Kxg6 54. Bd6 h5+ 55. Kf4 Bxd6+ 1/2-1/2